000 00450nam a2200181Ia 4500
001 20143
005 20260306172744.0
008 260306t2010||||xx |||||||||||||| ||spa||
041 _aESP
082 _a342.7
_bA141
100 _aAjani, Gianmaria
_eAUT
245 0 _aSistemas jurídicos comparados:
_blecciones y materiales
260 _c2010
300 _a446 páginas :
_c24 cm.
650 _aGEN
654 _aCDE
942 _cLIB
_dJUS
_fJUS
_2ddc
_n
999 _c20143
_d20143